000 00418nam a2200181Ia 4500
001 16177
005 20260306170250.0
008 260306t1998||||xx |||||||||||||| ||und||
041 _aESP
082 _a347.1
_bO81
100 _aOsorio Ruiz, Zaida
_eAUT
245 0 _aEl arbitraje comercial
260 _c1998
300 _a380 páginas :
_c21 cm.
650 _aGEN
654 _aCDE
942 _cLIB
_dJUS
_fJUS
_2ddc
_n
999 _c16177
_d16177